000 00927nam a22002297a 4500
003 NALT
005 20251125233004.0
008 s2547 th tha d
020 _a9749269624
040 _aNALT
041 _atha
050 _aJQ 1746.A3
_bอ179น 2547
100 0 _aอนิศ โอสถานุเคราะห์.
_958625
245 1 0 _aนอกรอบข้างสภา /
_cอนิศ โอสถานุเคราะห์.
260 _aกรุงเทพฯ :
_bArt Publishing,
_c2547
300 _a203 หน้า :
_bตาราง ;
_c24 ซม.
650 0 4 _aนโยบายรัฐบาล (พ.ต.ท.ทักษิณ ชินวัตร) -- วิจารณ์
850 _aNALT
856 4 0 _uhttps://hdl.handle.net/20.500.14156/336723
942 _cGB
_2lcc
999 _c48006
_d48006
998 _j109
_k นางสาวอารีรัตน์ วิชาช่าง